000 00712nam a2200265Ia 4500
005 20260121165943.0
008 008 260114s9999 xx 000 0 eng d
020 _a9783034809214
037 _aEBOOK
040 _aCRL
040 _beng
040 _cCRL
041 _2eng
041 _aeng
084 _qCRL
100 _aPaul Hacking, Radu Laza, Dragos Oprea, Gilberto Bini, Martí Lahoz, Emanuele Macrí, Paolo Stellari
_91058024
245 0 _aCompactifying Moduli Spaces
260 _bSpringer
260 _bSpringer
260 _c2016
856 _uhttps://link.springer.com/openurl?genre=book&isbn=978-3-0348-0921-4
942 _cEBOOK
999 _c1623753
_d1623753